Samoja Sanoja Maiden Nimissä - Statistics

Yleistilastot
  • Tätä visaa on pelattu 245 kertaa
  • Keskiarvotulos 10 / 18
Vastaustilastot
Sana Maa % Oikein
Itä Itä-Timor
85%
Eri Eritrea
83%
Hai Haiti
82%
Itä Itävalta
78%
Kaani Vatikaanivaltio
67%
Hai Thaimaa
63%
Maa Thaimaa
63%
Anti Antigua ja Barbuda
56%
Maa Swazimaa
56%
Anti Islanti
46%
Anti Irlanti
45%
Kaani Dominikaaninen tasavalta
44%
Mini Dominikaaninen tasavalta
44%
Mini Dominica
35%
Eri Nigeria
35%
Eri Algeria
28%
Eri Liberia
24%
Anti Uusi-Seelanti
21%
Ehtoja vastaavia visoja ei löytynyt
Tulosjakauma
Jokaisen tuloksen saaneiden osuus
Persentiili vastausten määrän mukaan
Tuloshistoriasi
Et ole pelannut tätä visaa